000 00539nam a2200181Ia 4500
999 _c10834
_d10834
003 OSt
005 20191217100856.0
008 190216s9999||||xx |||||||||||||| ||und||
020 _a9788180544170
040 _coclc
082 _a338.954
_bDHI/I
100 _aDhingra, Ishwar C
_9494
245 0 _aThe Indian Economy Environment And Policy /
_cIshwar C Dhingra
260 _bSulthan Chand&Sons,
_aNew Delhi:
_c2006.
300 _a759p
650 _aEconomics
942 _cBK
_2ddc
_h338.954
_iDHI/I
_k338.954
_mDHI/I